<?xml version="1.0" encoding="UTF-8"?><?xml-stylesheet type="text/xsl" href="static/style.xsl"?><OAI-PMH xmlns="http://www.openarchives.org/OAI/2.0/" xmlns:xsi="http://www.w3.org/2001/XMLSchema-instance" xsi:schemaLocation="http://www.openarchives.org/OAI/2.0/ http://www.openarchives.org/OAI/2.0/OAI-PMH.xsd"><responseDate>2026-04-17T06:05:56Z</responseDate><request verb="GetRecord" identifier="oai:www.recercat.cat:2072/436112" metadataPrefix="marc">https://recercat.cat/oai/request</request><GetRecord><record><header><identifier>oai:recercat.cat:2072/436112</identifier><datestamp>2026-04-08T05:20:39Z</datestamp><setSpec>com_2072_98</setSpec><setSpec>col_2072_378192</setSpec></header><metadata><record xmlns="http://www.loc.gov/MARC21/slim" xmlns:dcterms="http://purl.org/dc/terms/" xmlns:xsi="http://www.w3.org/2001/XMLSchema-instance" xmlns:doc="http://www.lyncode.com/xoai" xsi:schemaLocation="http://www.loc.gov/MARC21/slim http://www.loc.gov/standards/marcxml/schema/MARC21slim.xsd">
   <leader>00925njm 22002777a 4500</leader>
   <datafield ind2=" " ind1=" " tag="042">
      <subfield code="a">dc</subfield>
   </datafield>
   <datafield ind2=" " ind1=" " tag="720">
      <subfield code="a">Fuentes, Sandrine</subfield>
      <subfield code="e">author</subfield>
   </datafield>
   <datafield ind2=" " ind1=" " tag="720">
      <subfield code="a">Valenzuela García, Hugo</subfield>
      <subfield code="e">author</subfield>
   </datafield>
   <datafield ind2=" " ind1=" " tag="260">
      <subfield code="c">2019</subfield>
   </datafield>
   <datafield ind2=" " ind1=" " tag="520">
      <subfield code="a">Obra ressenyada: Rebecca PRENTICE, Thiefing a Chance. Factory Work, Illicit Labor, and Neoliberal Subjectivities in Trinidad. University Press of Colorado, 2015.</subfield>
   </datafield>
   <datafield ind2=" " ind1=" " tag="520">
      <subfield code="a">La etnografía Thiefing a Chance analiza la realidad cotidiana de las trabajadoras de planta de una empresa textil en Trinidad, afectada por los procesos de restructuración y relocalización global como muchos otros emplazamientos actuales. El texto analiza las relaciones laborales y las tensiones y contradicciones a las que se enfrentan en su quehacer laboral. En particular, Prentice se detiene en el análisis de las formas ilícitas que emplean las trabajadoras para procurarse beneficios extras y cuestiona, por una parte, la ausencia de agencia que a menudo se proyecta sobre los sujetos que operan en los márgenes neoliberales y, por la otra, la naturaleza de esos actos. Esas prácticas ilícitas, cuestiona la autora, pueden ser analizadas tanto como actos de resistencia como actos de complicidad compatibles con la lógica capitalista. Los temas teóricos de fondo conectan con debates y preocupaciones muy actuales en la antropología económica contemporánea.</subfield>
   </datafield>
   <datafield ind2=" " ind1=" " tag="520">
      <subfield code="a">The ethnography Thiefing a Chance analyzes the daily reality of the workers of a textile company in Trinidad, influenced by the processes of restructuring and global relocation like many other peripheral Fordist sites. The ethnography describes the internal labor relations and the contradictions and tensions they face in their daily work. In particular, the text focuses on the illicit ways workers use to gain extra benefits. The author questions, first, whether these workers are passive victims of the neoliberal expansion or they are actives agents of their own destiny. And, second, whether these illicit activities should be taken either as acts of complicity with the capitalist logic or acts of resistance. The theoretical themes touch upon current economic anthropological debates.</subfield>
   </datafield>
   <datafield tag="653" ind2=" " ind1=" ">
      <subfield code="a">Trabajo industrial</subfield>
   </datafield>
   <datafield tag="653" ind2=" " ind1=" ">
      <subfield code="a">Explotación</subfield>
   </datafield>
   <datafield tag="653" ind2=" " ind1=" ">
      <subfield code="a">Subsistencia</subfield>
   </datafield>
   <datafield tag="653" ind2=" " ind1=" ">
      <subfield code="a">Actos ilícitos</subfield>
   </datafield>
   <datafield tag="653" ind2=" " ind1=" ">
      <subfield code="a">Neoliberalismo</subfield>
   </datafield>
   <datafield tag="653" ind2=" " ind1=" ">
      <subfield code="a">Industrial work</subfield>
   </datafield>
   <datafield tag="653" ind2=" " ind1=" ">
      <subfield code="a">Exploitation</subfield>
   </datafield>
   <datafield tag="653" ind2=" " ind1=" ">
      <subfield code="a">Subsistence</subfield>
   </datafield>
   <datafield tag="653" ind2=" " ind1=" ">
      <subfield code="a">Wrong-doing</subfield>
   </datafield>
   <datafield tag="653" ind2=" " ind1=" ">
      <subfield code="a">Neoliberalism</subfield>
   </datafield>
   <datafield ind2="0" ind1="0" tag="245">
      <subfield code="a">Reseña de "Thiefing a Chance. Factory Work, Illicit Labor, and Neoliberal Subjectivities in Trinidad" de Rebecca Prentice (2015)</subfield>
   </datafield>
</record></metadata></record></GetRecord></OAI-PMH>